[Event "Schleswig-Holstein 2-Niedersaechischer "]
[Site "?"]
[Date "2012.09.12"]
[Round "3.59"]
[White "Stanke, Achim"]
[Black "Felser, Franz"]
[Result "1-0"]
[WhiteElo "1992"]
[BlackElo "1865"]
[Annotator "Hoppe,Frank"]
[PlyCount "155"]
[EventDate "2012.??.??"]
[WhiteTeam "Niedersächischer SV 2"]
[BlackTeam "Schleswig-Holstein 2"]

1. d4 {[%emt 0:00:00]} d5 2. c4 c6 3. Nc3 Nf6 4. Nf3 e6 5. g3 Nbd7 6. Bg2 Be7
7. O-O O-O 8. Qc2 dxc4 9. a4 Nd5 10. e4 Nb4 11. Qe2 Nd3 12. Be3 e5 13. b3 Qa5
14. Nb1 exd4 15. Nxd4 N7e5 16. bxc4 Nc5 17. Rd1 Rd8 18. Qc2 Ng4 19. Bd2 Qc7 20.
Bf4 Bd6 21. Bxd6 Rxd6 22. Nc3 Be6 23. Nxe6 Nxe6 24. Rxd6 Qxd6 25. Rd1 Qc5 26.
Rd7 Qxc4 27. Rxb7 Nd4 28. Qb2 g6 29. Qa2 Qxa2 30. Nxa2 a5 31. h3 Ne5 32. f4 Nd3
33. Nc3 Nc5 34. Rb6 Nd7 35. Rb2 Rd8 36. e5 Nc5 37. Rb6 Rc8 38. Kf2 Kg7 39. Bf1
Rd8 40. Bg2 Rc8 41. Rb1 Rc7 42. Rb8 f6 43. exf6+ Kxf6 44. Rd8 Rd7 45. Rc8 Re7
46. Bxc6 Nd3+ 47. Kg2 Ne1+ 48. Kf1 Kg7 49. Be4 Nef3 50. Kf2 Nd2 51. Bd5 h5 52.
Rc5 N2b3 53. Bxb3 Nxb3 54. Rb5 Nc1 55. Rxa5 Nd3+ 56. Kf3 Ne1+ 57. Kf2 Nd3+ 58.
Kg2 Rc7 59. Ne4 Rc2+ 60. Kf3 Ne1+ 61. Ke3 Ng2+ 62. Kd4 h4 63. f5 gxf5 64. Rxf5
hxg3 65. Rg5+ Kh6 66. Rxg3 Ra2 67. Nc3 Rd2+ 68. Rd3 Rf2 69. Kc4 Ne1 70. Rd6+
Kg7 71. a5 Nc2 72. a6 Rf1 73. Kb3 Ne3 74. Rd3 Rf6 75. a7 Rb6+ 76. Nb5 Rxb5+ 77.
Ka4 Rb1 78. Rxe3 1-0

[Event "Schleswig-Holstein 2-Niedersaechischer "]
[Site "?"]
[Date "2012.09.12"]
[Round "3.60"]
[White "Meiwald, Gerhard"]
[Black "Rychlik, Kurt"]
[Result "0-1"]
[WhiteElo "1808"]
[BlackElo "1925"]
[Annotator "Jaeger,André"]
[PlyCount "126"]
[EventDate "2012.??.??"]
[WhiteTeam "Schleswig-Holstein 2"]
[BlackTeam "Niedersächischer SV 2"]

1. d4 g6 2. Nf3 Bg7 3. c4 d6 4. Nc3 Nc6 5. e4 e5 6. d5 Nce7 7. Bg5 h6 8. Be3 f5
9. g3 Nf6 10. Nd2 Ng4 11. Qe2 O-O 12. f4 Nxe3 13. Qxe3 fxe4 14. Ndxe4 Nf5 15.
Qd2 exf4 16. O-O-O Bd4 17. Kb1 Be3 18. Qg2 Kh7 19. Bd3 Bd7 20. Rdf1 Ne7 21. g4
Ng8 22. h4 Kg7 23. Nd2 Qe7 24. Re1 Qf7 25. Rhf1 Bxd2 26. Qxd2 Bxg4 27. Rg1 Bf5
28. Re6 Ne7 29. Bxf5 Qxf5+ 30. Kc1 Rf7 31. Nb5 f3 32. Nd4 Qh5 33. Qf2 Raf8 34.
Nb5 Qf5 35. b3 Kh7 36. Nxc7 Qf4+ 37. Kb2 Nf5 38. Ne8 Qd4+ 39. Qxd4 Nxd4 40.
Nxd6 Nxe6 41. Nxf7 Nc5 42. Ne5 {(=)} f2 43. Rf1 Ne4 44. Nd3 b6 45. Ka3 g5 46.
hxg5 hxg5 47. d6 Nxd6 48. Rxf2 Rxf2 49. Nxf2 Kg6 50. Kb4 Kf5 51. c5 bxc5+ 52.
Ka5 Ne4 53. Nh3 g4 54. Ng1 Kf4 55. Ka6 Ke3 56. Kxa7 Kf2 57. a4 Kxg1 58. Kb6 g3
59. a5 g2 60. a6 Kf1 61. a7 g1=Q 62. a8=Q c4+ 63. Kb5 Qc5+ 0-1